Základní vzdělávání prakticky
| Main Authors: | , , , , , |
|---|---|
| Format: | Book |
| Language: | Czech |
| PhysicalDescription: | 360 strán ilustrácie, schémy 24 cm |
| Published: |
Praha
Wolters Kluwer ČR
2021
|
| ISBN: | 9788075983886 9788075983893 9788075983909 9788075983916 |
| Edition: | 1. vydání |
| Series: | Řízení školy
|
| Subjects: |
MARC
| LEADER | 00000cam a2200000 4500 | ||
|---|---|---|---|
| 001 | vtls012056731 | ||
| 003 | SK-MaSNL | ||
| 005 | 20260301044523.0 | ||
| 008 | 210602s2021 xr al f nf 000 0 cze | ||
| 020 | |a 9788075983886 |q (brožované) | ||
| 020 | |a 9788075983893 |q (e-pub) | ||
| 020 | |a 9788075983909 |q (mobi) | ||
| 020 | |a 9788075983916 |q (pdf) | ||
| 040 | |a SNK |b slo |e rda |c SNK | ||
| 041 | 0 | |a cze | |
| 044 | |a xr |c CZ | ||
| 072 | 7 | |a 373.2/.3 |x Predškolská a primárna výchova a vzdelávanie |2 konspekt | |
| 080 | |a 373.3 |2 2011 | ||
| 080 | |a 34 |2 2011 | ||
| 080 | |a (048.8) |2 2011 | ||
| 100 | 1 | |a Puškinová, Monika, |d 1969- |4 aut |9 351072 | |
| 245 | 1 | 0 | |a Základní vzdělávání prakticky |c Monika Puškinová, Šárka Dušková, Jan Fiala, Adam Hlaváč, Petr Konečný, Lucie Obrovská |
| 250 | |a 1. vydání | ||
| 264 | 1 | |a Praha |b Wolters Kluwer ČR |c 2021 | |
| 300 | |a 360 strán |b ilustrácie, schémy |c 24 cm | ||
| 336 | |a text |b txt |2 rdacontent | ||
| 337 | |a bez média |b n |2 rdamedia | ||
| 338 | |a zväzok |b nc |2 rdacarrier | ||
| 490 | 1 | |a Řízení školy | |
| 500 | |a Obsahuje zoznam skratiek | ||
| 504 | |a Bibliografia a súvisiace právne predpisy na strane 16-22 | ||
| 650 | 0 | 7 | |a základné vzdelávanie |2 SNKPH |9 69527 |
| 650 | 0 | 7 | |a Elementary school education |2 SNKPHeng |9 319966 |
| 650 | 0 | 7 | |a právne predpisy |2 SNKPH |9 1155 |
| 650 | 0 | 7 | |a Legal regulations |2 SNKPHeng |9 278724 |
| 655 | 7 | |a príručky |2 SNKPH |9 74364 | |
| 655 | 7 | |a Handbooks, manuals, etc. |2 SNKPHeng |9 90964 | |
| 700 | 1 | |a Dušková, Šárka |4 aut |9 351073 | |
| 700 | 1 | |a Fiala, Jan |4 aut |9 320237 | |
| 700 | 1 | |a Hlaváč, Adam |4 aut |9 351074 | |
| 700 | 1 | |a Konečný, Petr |4 aut |9 351075 | |
| 700 | 1 | |a Obrovská, Lucie |4 aut |9 351076 | |
| 830 | 0 | |a Řízení školy |9 311950 | |
| 919 | |a 978-80-7598-388-6 | ||
| 958 | |a NB | ||
| 999 | |c 596181 |d 598111 | ||
| 952 | |t snkPUS 373.3 |a SNKUST |b SNKUST |y PREZ |7 0 |p 17A1517154 |o snkIC 147398 |i snk2023/1119 |8 4 |g 19.60 |0 0 |1 0 |4 0 |d 2022-01-21 |l 0 |r 2025-03-19 00:00:00 |w 2026-02-23 | ||


